[Event "April 9 Late 2024"]
[Site "Chess.com"]
[Date "2024.04.09"]
[Round "3"]
[White "Quirke, Jeffrey"]
[Black "Crispin Ferreras, Darvi Abraham"]
[Result "0-1"]
[Board "175"]
[WhiteFideId "2013029"]
[BlackFideId "6402771"]
[BlackTitle "CM"]
[WhiteElo "2210"]
[BlackElo "2399"]
[WhiteTeam "USA"]
[BlackTeam "DOM"]
[WhiteClock "0:00:00"]
[BlackClock "0:00:16"]
[Variant "Standard"]

1. e4 {[%clk 0:03:00]}  e5 {[%clk 0:02:59]} 2. Nf3 {[%clk 0:03:00]}  Nc6 {[%clk 0:02:56]} 3. Nc3 {[%clk 0:03:00]}  Nf6 {[%clk 0:02:51]} 4. Bb5 {[%clk 0:03:00]}  Bc5 {[%clk 0:02:50]} 5. Nxe5 {[%clk 0:02:54]}  Nxe5 {[%clk 0:02:47]} 6. d4 {[%clk 0:02:54]}  Bb4 {[%clk 0:02:46]} 7. dxe5 {[%clk 0:02:52]}  Nxe4 {[%clk 0:02:43]} 8. O-O {[%clk 0:02:49]}  Nxc3 {[%clk 0:02:43]} 9. bxc3 {[%clk 0:02:48]}  Bxc3 {[%clk 0:02:43]} 10. Ba3 {[%clk 0:02:31]}  a6 {[%clk 0:02:04]} 11. Bc4 {[%clk 0:01:59]}  b5 {[%clk 0:01:59]} 12. Bxf7+ {[%clk 0:01:38]}  Kxf7 {[%clk 0:01:54]} 13. Qf3+ {[%clk 0:01:37]}  Kg6 {[%clk 0:01:52]} 14. Qxc3 {[%clk 0:01:23]}  Qg5 {[%clk 0:01:35]} 15. f4 {[%clk 0:01:16]}  Qf5 {[%clk 0:01:34]} 16. Qxc7 {[%clk 0:01:06]}  h5 {[%clk 0:01:34]} 17. Rad1 {[%clk 0:00:58]}  Kh7 {[%clk 0:01:32]} 18. Bb2 {[%clk 0:00:54]}  Rg8 {[%clk 0:01:27]} 19. Rd6 {[%clk 0:00:33]}  Qe4 {[%clk 0:01:17]} 20. Rb6 {[%clk 0:00:11]}  d6 {[%clk 0:00:44]} 21. Qxd6 {[%clk 0:00:10]}  Bf5 {[%clk 0:00:17]} 22. h3 {[%clk 0:00:08]}  Rad8 {[%clk 0:00:16]} 23. Qc7 {[%clk 0:00:00]}  Rd2 {[%clk 0:00:16]} 0-1

[Event "April 9 Late 2024"]
[Site "Chess.com"]
[Date "2024.04.09"]
[Round "3"]
[White "Lach, Aleksandra"]
[Black "Vila Dupla, Aurelio"]
[Result "0-1"]
[Board "176"]
[WhiteFideId "1134299"]
[BlackFideId "2203383"]
[WhiteTitle "WIM"]
[BlackTitle "FM"]
[WhiteElo "2399"]
[BlackElo "2203"]
[WhiteTeam "POL"]
[BlackTeam "ESP"]
[WhiteClock "0:00:00"]
[BlackClock "0:00:33"]
[Variant "Standard"]

1. c4 {[%clk 0:03:00]}  Nf6 {[%clk 0:02:56]} 2. Nc3 {[%clk 0:02:57]}  g6 {[%clk 0:02:55]} 3. g3 {[%clk 0:02:56]}  Bg7 {[%clk 0:02:55]} 4. Bg2 {[%clk 0:02:56]}  O-O {[%clk 0:02:54]} 5. Nf3 {[%clk 0:02:52]}  d6 {[%clk 0:02:54]} 6. O-O {[%clk 0:02:52]}  e5 {[%clk 0:02:54]} 7. e4 {[%clk 0:02:49]}  c5 {[%clk 0:02:53]} 8. Re1 {[%clk 0:02:43]}  Nc6 {[%clk 0:02:52]} 9. Nd5 {[%clk 0:02:41]}  Rb8 {[%clk 0:02:45]} 10. Rb1 {[%clk 0:02:35]}  a6 {[%clk 0:02:44]} 11. b4 {[%clk 0:02:34]}  Nxd5 {[%clk 0:02:42]} 12. cxd5 {[%clk 0:02:23]}  Nxb4 {[%clk 0:02:43]} 13. Qb3 {[%clk 0:02:08]}  a5 {[%clk 0:02:15]} 14. a3 {[%clk 0:02:02]}  Na6 {[%clk 0:02:15]} 15. Bf1 {[%clk 0:01:58]}  b5 {[%clk 0:02:11]} 16. Bxb5 {[%clk 0:01:55]}  Nc7 {[%clk 0:02:11]} 17. a4 {[%clk 0:01:54]}  Bd7 {[%clk 0:02:11]} 18. Qc4 {[%clk 0:01:50]}  Nxb5 {[%clk 0:02:07]} 19. axb5 {[%clk 0:01:49]}  Qb6 {[%clk 0:02:07]} 20. Re3 {[%clk 0:01:27]}  Bxb5 {[%clk 0:02:06]} 21. Reb3 {[%clk 0:01:24]}  Bxc4 {[%clk 0:02:00]} 22. Rxb6 {[%clk 0:01:22]}  Rxb6 {[%clk 0:02:00]} 23. Rxb6 {[%clk 0:01:21]}  Rd8 {[%clk 0:01:47]} 24. Ne1 {[%clk 0:01:19]}  a4 {[%clk 0:01:45]} 25. Ba3 {[%clk 0:01:18]}  Bh6 {[%clk 0:01:42]} 26. Rb2 {[%clk 0:01:14]}  Bb3 {[%clk 0:01:31]} 27. Nd3 {[%clk 0:01:02]}  Bf8 {[%clk 0:01:26]} 28. f3 {[%clk 0:00:53]}  Be7 {[%clk 0:01:26]} 29. Kf2 {[%clk 0:00:52]}  Rb8 {[%clk 0:01:23]} 30. Nc1 {[%clk 0:00:37]}  Bd8 {[%clk 0:01:22]} 31. Ke3 {[%clk 0:00:28]}  Kf8 {[%clk 0:01:21]} 32. Nd3 {[%clk 0:00:24]}  Bb6 {[%clk 0:01:15]} 33. Ke2 {[%clk 0:00:19]}  Ke7 {[%clk 0:01:14]} 34. f4 {[%clk 0:00:19]}  f6 {[%clk 0:01:13]} 35. g4 {[%clk 0:00:18]}  c4 {[%clk 0:01:11]} 36. Nb4 {[%clk 0:00:17]}  Kd7 {[%clk 0:01:01]} 37. Nc6 {[%clk 0:00:16]}  Re8 {[%clk 0:00:54]} 38. Rb1 {[%clk 0:00:14]}  exf4 {[%clk 0:00:53]} 39. Kf3 {[%clk 0:00:15]}  g5 {[%clk 0:00:53]} 40. Re1 {[%clk 0:00:12]}  c3 {[%clk 0:00:45]} 41. dxc3 {[%clk 0:00:10]}  Bxd5 {[%clk 0:00:45]} 42. Nb4 {[%clk 0:00:10]}  Bb7 {[%clk 0:00:42]} 43. Nc2 {[%clk 0:00:04]}  d5 {[%clk 0:00:38]} 44. Rd1 {[%clk 0:00:02]}  Rxe4 {[%clk 0:00:36]} 45. Nb4 {[%clk 0:00:03]}  Ke6 {[%clk 0:00:33]} 46. Nd3 {[%clk 0:00:01]}  Re3+ {[%clk 0:00:33]} 47. Kg2 {[%clk 0:00:02]}  d4+ {[%clk 0:00:33]} 48. Kf2 {[%clk 0:00:00]}  dxc3 {[%clk 0:00:33]} 0-1

[Event "April 9 Late 2024"]
[Site "Chess.com"]
[Date "2024.04.09"]
[Round "3"]
[White "Nunez Hirales, Juan Alejandro"]
[Black "Novak, Ratko"]
[Result "0-1"]
[Board "178"]
[WhiteFideId "5108888"]
[BlackFideId "14511827"]
[BlackTitle "CM"]
[WhiteElo "2184"]
[BlackElo "2397"]
[WhiteTeam "MEX"]
[BlackTeam "CRO"]
[WhiteClock "0:00:00"]
[BlackClock "0:00:30"]
[Variant "Standard"]

1. d4 {[%clk 0:03:00]}  d5 {[%clk 0:02:59]} 2. Nc3 {[%clk 0:02:59]}  c5 {[%clk 0:02:59]} 3. e4 {[%clk 0:02:57]}  dxe4 {[%clk 0:02:58]} 4. d5 {[%clk 0:02:58]}  Nf6 {[%clk 0:02:59]} 5. Nge2 {[%clk 0:02:57]}  e6 {[%clk 0:02:57]} 6. Bg5 {[%clk 0:02:51]}  Be7 {[%clk 0:02:56]} 7. dxe6 {[%clk 0:02:45]}  Bxe6 {[%clk 0:02:47]} 8. Qxd8+ {[%clk 0:02:44]}  Bxd8 {[%clk 0:02:47]} 9. Ng3 {[%clk 0:02:44]}  O-O {[%clk 0:02:41]} 10. Ngxe4 {[%clk 0:02:12]}  Nxe4 {[%clk 0:02:40]} 11. Nxe4 {[%clk 0:02:12]}  Bf5 {[%clk 0:02:16]} 12. Bxd8 {[%clk 0:01:41]}  Bxe4 {[%clk 0:02:15]} 13. O-O-O {[%clk 0:01:40]}  Nc6 {[%clk 0:02:10]} 14. Bg5 {[%clk 0:01:32]}  Nb4 {[%clk 0:02:08]} 15. Bd3 {[%clk 0:01:17]}  Bxd3 {[%clk 0:02:05]} 16. cxd3 {[%clk 0:01:14]}  Nxa2+ {[%clk 0:02:05]} 17. Kd2 {[%clk 0:01:10]}  f6 {[%clk 0:02:00]} 18. Be3 {[%clk 0:01:05]}  b6 {[%clk 0:02:00]} 19. h4 {[%clk 0:00:58]}  Nb4 {[%clk 0:01:57]} 20. h5 {[%clk 0:00:53]}  Rac8 {[%clk 0:01:55]} 21. Ke2 {[%clk 0:00:51]}  Rfe8 {[%clk 0:01:53]} 22. h6 {[%clk 0:00:45]}  g5 {[%clk 0:01:37]} 23. d4 {[%clk 0:00:43]}  f5 {[%clk 0:01:33]} 24. Kf3 {[%clk 0:00:24]}  f4 {[%clk 0:01:26]} 25. Bd2 {[%clk 0:00:23]}  Nd3 {[%clk 0:01:21]} 26. Rh5 {[%clk 0:00:17]}  g4+ {[%clk 0:00:50]} 27. Kxg4 {[%clk 0:00:17]}  Nxf2+ {[%clk 0:00:49]} 28. Kf3 {[%clk 0:00:13]}  Nxd1 {[%clk 0:00:49]} 29. Rg5+ {[%clk 0:00:13]}  Kf7 {[%clk 0:00:49]} 30. Bxf4 {[%clk 0:00:12]}  cxd4 {[%clk 0:00:39]} 31. Rg7+ {[%clk 0:00:12]}  Ke6 {[%clk 0:00:39]} 32. Rxh7 {[%clk 0:00:09]}  Rf8 {[%clk 0:00:35]} 33. Rg7 {[%clk 0:00:04]}  Nxb2 {[%clk 0:00:33]} 34. Rg6+ {[%clk 0:00:04]}  Kd5 {[%clk 0:00:31]} 35. Rd6+ {[%clk 0:00:03]}  Kc5 {[%clk 0:00:31]} 36. h7 {[%clk 0:00:00]}  Rxf4+ {[%clk 0:00:30]} 0-1

[Event "April 9 Late 2024"]
[Site "Chess.com"]
[Date "2024.04.09"]
[Round "3"]
[White "Coe, William"]
[Black "Bibasa, Bob"]
[Result "1-0"]
[Board "179"]
[WhiteFideId "30913624"]
[BlackFideId "10000240"]
[BlackTitle "FM"]
[WhiteElo "2172"]
[BlackElo "2382"]
[WhiteTeam "USA"]
[BlackTeam "UGA"]
[WhiteClock "0:02:07"]
[BlackClock "0:02:02"]
[Variant "Standard"]

1. e4 {[%clk 0:03:00]}  c5 {[%clk 0:02:58]} 2. Nf3 {[%clk 0:03:01]}  d6 {[%clk 0:02:58]} 3. d4 {[%clk 0:03:01]}  cxd4 {[%clk 0:02:59]} 4. Nxd4 {[%clk 0:03:01]}  Nf6 {[%clk 0:03:00]} 5. Nc3 {[%clk 0:03:01]}  a6 {[%clk 0:03:00]} 6. h3 {[%clk 0:03:01]}  e5 {[%clk 0:03:00]} 7. Nde2 {[%clk 0:03:01]}  h5 {[%clk 0:03:00]} 8. g3 {[%clk 0:03:01]}  b5 {[%clk 0:02:57]} 9. Bg2 {[%clk 0:03:01]}  Be6 {[%clk 0:02:56]} 10. Nd5 {[%clk 0:03:00]}  Nxd5 {[%clk 0:02:55]} 11. exd5 {[%clk 0:03:01]}  Bf5 {[%clk 0:02:55]} 12. Be3 {[%clk 0:02:58]}  Nd7 {[%clk 0:02:55]} 13. O-O {[%clk 0:02:57]}  Be7 {[%clk 0:02:54]} 14. Rc1 {[%clk 0:02:48]}  Rc8 {[%clk 0:02:49]} 15. b3 {[%clk 0:02:42]}  O-O {[%clk 0:02:47]} 16. c4 {[%clk 0:02:42]}  bxc4 {[%clk 0:02:46]} 17. bxc4 {[%clk 0:02:41]}  Nc5 {[%clk 0:02:45]} 18. f4 {[%clk 0:02:36]}  Qd7 {[%clk 0:02:21]} 19. Kh2 {[%clk 0:02:35]}  e4 {[%clk 0:02:13]} 20. Nd4 {[%clk 0:02:31]}  Bf6 {[%clk 0:02:13]} 21. Qxh5 {[%clk 0:02:12]}  Bg6 {[%clk 0:02:12]} 22. Qg4 {[%clk 0:02:09]}  Nd3 {[%clk 0:02:02]} 23. Qxd7 {[%clk 0:02:07]} 1-0

[Event "April 9 Late 2024"]
[Site "Chess.com"]
[Date "2024.04.09"]
[Round "3"]
[White "Merino Garcia, Rafael II"]
[Black "Kovacevic, Radmila"]
[Result "1-0"]
[Board "181"]
[WhiteFideId "2209128"]
[BlackFideId "933171"]
[WhiteTitle "FM"]
[BlackTitle "WFM"]
[WhiteElo "2381"]
[BlackElo "2124"]
[WhiteTeam "ESP"]
[BlackTeam "SRB"]
[WhiteClock "0:00:09"]
[BlackClock "0:00:07"]
[Variant "Standard"]

1. d4 {[%clk 0:02:54]}  d5 {[%clk 0:02:58]} 2. Nf3 {[%clk 0:02:55]}  c5 {[%clk 0:02:57]} 3. e3 {[%clk 0:02:55]}  Nc6 {[%clk 0:02:57]} 4. Nbd2 {[%clk 0:02:52]}  Bg4 {[%clk 0:02:57]} 5. h3 {[%clk 0:02:51]}  Bxf3 {[%clk 0:02:56]} 6. Nxf3 {[%clk 0:02:50]}  c4 {[%clk 0:02:55]} 7. Be2 {[%clk 0:02:48]}  e6 {[%clk 0:02:54]} 8. O-O {[%clk 0:02:48]}  Nf6 {[%clk 0:02:53]} 9. b3 {[%clk 0:02:49]}  b5 {[%clk 0:02:51]} 10. a4 {[%clk 0:02:48]}  a6 {[%clk 0:02:50]} 11. axb5 {[%clk 0:02:39]}  axb5 {[%clk 0:02:51]} 12. Rxa8 {[%clk 0:02:39]}  Qxa8 {[%clk 0:02:52]} 13. Bb2 {[%clk 0:02:00]}  Bd6 {[%clk 0:02:49]} 14. Qa1 {[%clk 0:02:01]}  Ke7 {[%clk 0:02:46]} 15. Nd2 {[%clk 0:01:53]}  Nb4 {[%clk 0:02:43]} 16. c3 {[%clk 0:01:37]}  Nc6 {[%clk 0:02:31]} 17. f3 {[%clk 0:01:32]}  Qb7 {[%clk 0:02:23]} 18. e4 {[%clk 0:01:31]}  Ra8 {[%clk 0:02:22]} 19. Qb1 {[%clk 0:01:31]}  Bf4 {[%clk 0:02:20]} 20. Rd1 {[%clk 0:01:25]}  Nh5 {[%clk 0:01:57]} 21. Nf1 {[%clk 0:01:24]}  cxb3 {[%clk 0:01:54]} 22. exd5 {[%clk 0:01:10]}  exd5 {[%clk 0:01:53]} 23. Qxh7 {[%clk 0:01:09]}  g6 {[%clk 0:01:46]} 24. Bd3 {[%clk 0:01:02]}  Nf6 {[%clk 0:01:43]} 25. Re1+ {[%clk 0:00:56]}  Kd6 {[%clk 0:01:38]} 26. Qh4 {[%clk 0:00:35]}  Nh5 {[%clk 0:01:12]} 27. Bc1 {[%clk 0:00:28]}  Bxc1 {[%clk 0:01:08]} 28. Rxc1 {[%clk 0:00:28]}  b4 {[%clk 0:00:47]} 29. c4 {[%clk 0:00:27]}  Qe7 {[%clk 0:00:36]} 30. Qf2 {[%clk 0:00:23]}  Ra2 {[%clk 0:00:33]} 31. Nd2 {[%clk 0:00:21]}  Qg5 {[%clk 0:00:26]} 32. cxd5 {[%clk 0:00:17]}  Ne7 {[%clk 0:00:20]} 33. Ne4+ {[%clk 0:00:16]}  Kxd5 {[%clk 0:00:18]} 34. Nxg5 {[%clk 0:00:17]}  Rxf2 {[%clk 0:00:18]} 35. Kxf2 {[%clk 0:00:17]}  Nf4 {[%clk 0:00:18]} 36. Bc4+ {[%clk 0:00:16]}  Kxd4 {[%clk 0:00:18]} 37. Bxb3 {[%clk 0:00:16]}  Nd3+ {[%clk 0:00:18]} 38. Kg3 {[%clk 0:00:15]}  Nxc1 {[%clk 0:00:19]} 39. Bxf7 {[%clk 0:00:16]}  Nf5+ {[%clk 0:00:18]} 40. Kf4 {[%clk 0:00:15]}  b3 {[%clk 0:00:17]} 41. Bxb3 {[%clk 0:00:14]}  Nxb3 {[%clk 0:00:18]} 42. g4 {[%clk 0:00:13]}  Ne7 {[%clk 0:00:16]} 43. Ne6+ {[%clk 0:00:13]}  Kd5 {[%clk 0:00:15]} 44. Nf8 {[%clk 0:00:13]}  Nc5 {[%clk 0:00:14]} 45. Kg5 {[%clk 0:00:14]}  Ke5 {[%clk 0:00:13]} 46. Nxg6+ {[%clk 0:00:13]}  Nxg6 {[%clk 0:00:13]} 47. Kxg6 {[%clk 0:00:14]}  Kf4 {[%clk 0:00:13]} 48. g5 {[%clk 0:00:11]}  Ne6 {[%clk 0:00:13]} 49. h4 {[%clk 0:00:11]}  Kxf3 {[%clk 0:00:12]} 50. Kf6 {[%clk 0:00:12]}  Nf4 {[%clk 0:00:12]} 51. g6 {[%clk 0:00:11]}  Kg4 {[%clk 0:00:11]} 52. g7 {[%clk 0:00:11]}  Nh5+ {[%clk 0:00:12]} 53. Kf7 {[%clk 0:00:11]}  Nxg7 {[%clk 0:00:12]} 54. h5 {[%clk 0:00:12]}  Kh4 {[%clk 0:00:13]} 55. h6 {[%clk 0:00:12]}  Nf5 {[%clk 0:00:07]} 56. h7 {[%clk 0:00:12]}  Kg5 {[%clk 0:00:07]} 57. h8=Q {[%clk 0:00:11]}  Nh6+ {[%clk 0:00:07]} 58. Ke8 {[%clk 0:00:08]}  Nf5 {[%clk 0:00:07]} 59. Qg8+ {[%clk 0:00:09]}  Kf4 {[%clk 0:00:07]} 60. Qf7 {[%clk 0:00:08]}  Ke5 {[%clk 0:00:06]} 61. Qh5 {[%clk 0:00:07]}  Kf6 {[%clk 0:00:06]} 62. Qd1 {[%clk 0:00:07]}  Ng7+ {[%clk 0:00:06]} 63. Kf8 {[%clk 0:00:06]}  Ne6+ {[%clk 0:00:06]} 64. Kg8 {[%clk 0:00:06]}  Nf4 {[%clk 0:00:06]} 65. Qf1 {[%clk 0:00:06]}  Kg5 {[%clk 0:00:05]} 66. Kg7 {[%clk 0:00:06]}  Nh5+ {[%clk 0:00:05]} 67. Kh7 {[%clk 0:00:06]}  Nf6+ {[%clk 0:00:05]} 68. Kg7 {[%clk 0:00:06]}  Nh5+ {[%clk 0:00:05]} 69. Kf7 {[%clk 0:00:07]}  Nf4 {[%clk 0:00:05]} 70. Qc1 {[%clk 0:00:06]}  Kf5 {[%clk 0:00:04]} 71. Kg7 {[%clk 0:00:06]}  Ne6+ {[%clk 0:00:04]} 72. Kh6 {[%clk 0:00:06]}  Nf4 {[%clk 0:00:03]} 73. Qc5+ {[%clk 0:00:06]}  Kg4 {[%clk 0:00:04]} 74. Qf8 {[%clk 0:00:05]}  Nh3 {[%clk 0:00:03]} 75. Qg7+ {[%clk 0:00:05]}  Kh4 {[%clk 0:00:03]} 76. Qd4+ {[%clk 0:00:05]}  Kg3 {[%clk 0:00:03]} 77. Kh5 {[%clk 0:00:04]}  Nf4+ {[%clk 0:00:03]} 78. Kg5 {[%clk 0:00:05]}  Nh3+ {[%clk 0:00:04]} 79. Kf5 {[%clk 0:00:05]}  Nf2 {[%clk 0:00:03]} 80. Qf4+ {[%clk 0:00:05]}  Kg2 {[%clk 0:00:03]} 81. Qd2 {[%clk 0:00:05]}  Kf3 {[%clk 0:00:03]} 82. Qc3+ {[%clk 0:00:04]}  Ke2 {[%clk 0:00:03]} 83. Kf4 {[%clk 0:00:04]}  Nd3+ {[%clk 0:00:03]} 84. Kg3 {[%clk 0:00:05]}  Nf2 {[%clk 0:00:02]} 85. Qc2+ {[%clk 0:00:05]}  Ke3 {[%clk 0:00:01]} 86. Qxf2+ {[%clk 0:00:05]}  Kd3 {[%clk 0:00:02]} 87. Qf5+ {[%clk 0:00:05]}  Kc4 {[%clk 0:00:02]} 88. Qe5 {[%clk 0:00:05]}  Kb3 {[%clk 0:00:03]} 89. Qd4 {[%clk 0:00:05]}  Kc2 {[%clk 0:00:03]} 90. Qe3 {[%clk 0:00:05]}  Kb1 {[%clk 0:00:04]} 91. Qd2 {[%clk 0:00:05]}  Ka1 {[%clk 0:00:04]} 92. Kf3 {[%clk 0:00:05]}  Kb1 {[%clk 0:00:05]} 93. Ke3 {[%clk 0:00:06]}  Ka1 {[%clk 0:00:05]} 94. Kd3 {[%clk 0:00:07]}  Kb1 {[%clk 0:00:06]} 95. Kc3 {[%clk 0:00:08]}  Ka1 {[%clk 0:00:07]} 96. Qb2# {[%clk 0:00:09]} 1-0

[Event "April 9 Late 2024"]
[Site "Chess.com"]
[Date "2024.04.09"]
[Round "3"]
[White "Marshall, James A"]
[Black "Idnani, Taran"]
[Result "0-1"]
[Board "182"]
[WhiteFideId "2043386"]
[BlackFideId "2071002"]
[BlackTitle "CM"]
[WhiteElo "2114"]
[BlackElo "2378"]
[WhiteTeam "USA"]
[BlackTeam "USA"]
[WhiteClock "0:00:53"]
[BlackClock "0:01:31"]
[Variant "Standard"]

1. c4 {[%clk 0:02:59]}  Nf6 {[%clk 0:02:58]} 2. Nc3 {[%clk 0:02:59]}  g6 {[%clk 0:02:59]} 3. e4 {[%clk 0:02:51]}  d6 {[%clk 0:02:59]} 4. d4 {[%clk 0:02:50]}  Bg7 {[%clk 0:02:59]} 5. Nf3 {[%clk 0:02:50]}  O-O {[%clk 0:02:59]} 6. Be2 {[%clk 0:02:50]}  e5 {[%clk 0:02:59]} 7. d5 {[%clk 0:02:50]}  a5 {[%clk 0:02:54]} 8. Bg5 {[%clk 0:02:50]}  h6 {[%clk 0:02:54]} 9. Bh4 {[%clk 0:02:49]}  Qe8 {[%clk 0:02:52]} 10. Nd2 {[%clk 0:02:49]}  Nfd7 {[%clk 0:02:52]} 11. Qc2 {[%clk 0:02:47]}  f5 {[%clk 0:02:51]} 12. f3 {[%clk 0:02:46]}  Na6 {[%clk 0:02:45]} 13. O-O-O {[%clk 0:02:34]}  Nb4 {[%clk 0:02:44]} 14. Qb1 {[%clk 0:02:34]}  a4 {[%clk 0:02:44]} 15. a3 {[%clk 0:02:33]}  Na6 {[%clk 0:02:44]} 16. exf5 {[%clk 0:02:31]}  gxf5 {[%clk 0:02:43]} 17. g4 {[%clk 0:02:31]}  Ndc5 {[%clk 0:02:40]} 18. gxf5 {[%clk 0:02:30]}  Bxf5 {[%clk 0:02:39]} 19. Nce4 {[%clk 0:02:28]}  Nb3+ {[%clk 0:02:38]} 20. Nxb3 {[%clk 0:02:28]}  axb3 {[%clk 0:02:39]} 21. Bd3 {[%clk 0:02:27]}  Qh5 {[%clk 0:02:36]} 22. Ng3 {[%clk 0:02:14]}  Bxd3 {[%clk 0:02:31]} 23. Nxh5 {[%clk 0:02:13]}  Bxb1 {[%clk 0:02:31]} 24. Nxg7 {[%clk 0:02:13]}  Kxg7 {[%clk 0:02:29]} 25. Kxb1 {[%clk 0:02:09]}  Rxf3 {[%clk 0:02:28]} 26. Rhg1+ {[%clk 0:02:09]}  Kh7 {[%clk 0:02:28]} 27. Rg4 {[%clk 0:02:06]}  Raf8 {[%clk 0:02:24]} 28. Be7 {[%clk 0:01:58]}  R8f7 {[%clk 0:02:22]} 29. Bd8 {[%clk 0:01:58]}  Rf1 {[%clk 0:02:18]} 30. Kc1 {[%clk 0:01:58]}  Nc5 {[%clk 0:02:18]} 31. Kd2 {[%clk 0:01:51]}  R7f2+ {[%clk 0:02:12]} 32. Ke3 {[%clk 0:01:46]}  Rf3+ {[%clk 0:02:10]} 33. Ke2 {[%clk 0:01:45]}  R1f2+ {[%clk 0:02:09]} 34. Ke1 {[%clk 0:01:43]}  Rxh2 {[%clk 0:01:56]} 35. Bh4 {[%clk 0:01:30]}  Nd3+ {[%clk 0:01:47]} 36. Rxd3 {[%clk 0:01:28]}  Rxd3 {[%clk 0:01:48]} 37. Bf6 {[%clk 0:01:22]}  h5 {[%clk 0:01:44]} 38. Rg7+ {[%clk 0:01:22]}  Kh6 {[%clk 0:01:44]} 39. Rxc7 {[%clk 0:01:20]}  Rg3 {[%clk 0:01:34]} 40. Kf1 {[%clk 0:01:16]}  Rf3+ {[%clk 0:01:32]} 41. Kg1 {[%clk 0:00:53]}  Rxb2 {[%clk 0:01:31]} 0-1

[Event "April 9 Late 2024"]
[Site "Chess.com"]
[Date "2024.04.09"]
[Round "3"]
[White "Cramling Bellon, Anna"]
[Black "Brahami, Lamine"]
[Result "0-1"]
[Board "185"]
[WhiteFideId "32009232"]
[BlackFideId "7905637"]
[WhiteTitle "WFM"]
[BlackTitle "IM"]
[WhiteElo "2082"]
[BlackElo "2369"]
[WhiteTeam "SWE"]
[BlackTeam "ALG"]
[WhiteClock "0:00:04"]
[BlackClock "0:01:51"]
[Variant "Standard"]

1. d4 {[%clk 0:03:00]}  Nf6 {[%clk 0:02:58]} 2. c4 {[%clk 0:03:00]}  g6 {[%clk 0:02:57]} 3. Nc3 {[%clk 0:03:00]}  d6 {[%clk 0:02:57]} 4. e4 {[%clk 0:03:00]}  Bg7 {[%clk 0:02:57]} 5. h3 {[%clk 0:03:00]}  O-O {[%clk 0:02:58]} 6. Be3 {[%clk 0:03:00]}  c6 {[%clk 0:02:56]} 7. g4 {[%clk 0:03:00]}  a6 {[%clk 0:02:56]} 8. Nge2 {[%clk 0:02:59]}  b5 {[%clk 0:02:57]} 9. c5 {[%clk 0:02:56]}  Nbd7 {[%clk 0:02:52]} 10. Bg2 {[%clk 0:02:54]}  a5 {[%clk 0:02:49]} 11. e5 {[%clk 0:02:34]}  dxe5 {[%clk 0:02:47]} 12. Bxc6 {[%clk 0:02:34]}  Rb8 {[%clk 0:02:47]} 13. Bxb5 {[%clk 0:02:24]}  h5 {[%clk 0:02:40]} 14. dxe5 {[%clk 0:01:50]}  Nxe5 {[%clk 0:02:33]} 15. Qxd8 {[%clk 0:01:46]}  Rxd8 {[%clk 0:02:32]} 16. Nd4 {[%clk 0:01:31]}  hxg4 {[%clk 0:02:24]} 17. Bf4 {[%clk 0:01:18]}  Rxb5 {[%clk 0:02:20]} 18. Bxe5 {[%clk 0:01:04]}  Rxc5 {[%clk 0:02:17]} 19. f4 {[%clk 0:00:29]}  gxf3 {[%clk 0:01:55]} 20. Nxf3 {[%clk 0:00:24]}  Bb7 {[%clk 0:01:54]} 21. Bxf6 {[%clk 0:00:09]}  Bxf6 {[%clk 0:01:53]} 22. Kf2 {[%clk 0:00:04]}  Rd3 {[%clk 0:01:51]} 0-1

[Event "April 9 Late 2024"]
[Site "Chess.com"]
[Date "2024.04.09"]
[Round "3"]
[White "Slade, Theodore"]
[Black "Dmitriev, Sergey"]
[Result "1-0"]
[Board "189"]
[WhiteFideId "426547"]
[BlackFideId "14101785"]
[BlackTitle "FM"]
[WhiteElo "2350"]
[BlackElo "2004"]
[WhiteTeam "ENG"]
[BlackTeam "UKR"]
[WhiteClock "0:02:24"]
[BlackClock "0:01:27"]
[Variant "Standard"]

1. d4 {[%clk 0:03:00]}  d6 {[%clk 0:02:59]} 2. Nf3 {[%clk 0:03:00]}  g6 {[%clk 0:02:57]} 3. c4 {[%clk 0:03:01]}  Bg7 {[%clk 0:02:57]} 4. Nc3 {[%clk 0:03:01]}  Nf6 {[%clk 0:02:57]} 5. e4 {[%clk 0:03:02]}  Bg4 {[%clk 0:02:55]} 6. Be2 {[%clk 0:03:01]}  Nc6 {[%clk 0:02:53]} 7. Ng1 {[%clk 0:02:56]}  Bxe2 {[%clk 0:02:50]} 8. Ngxe2 {[%clk 0:02:57]}  e5 {[%clk 0:02:48]} 9. d5 {[%clk 0:02:53]}  Ne7 {[%clk 0:02:42]} 10. O-O {[%clk 0:02:53]}  Nd7 {[%clk 0:02:39]} 11. Be3 {[%clk 0:02:53]}  b6 {[%clk 0:02:38]} 12. b4 {[%clk 0:02:52]}  f5 {[%clk 0:02:37]} 13. f3 {[%clk 0:02:52]}  O-O {[%clk 0:02:34]} 14. c5 {[%clk 0:02:51]}  bxc5 {[%clk 0:02:33]} 15. bxc5 {[%clk 0:02:52]}  dxc5 {[%clk 0:02:29]} 16. Na4 {[%clk 0:02:48]}  fxe4 {[%clk 0:02:19]} 17. fxe4 {[%clk 0:02:48]}  Nf6 {[%clk 0:02:10]} 18. Nxc5 {[%clk 0:02:46]}  Qd6 {[%clk 0:02:07]} 19. Nc3 {[%clk 0:02:40]}  a6 {[%clk 0:02:03]} 20. Ne6 {[%clk 0:02:36]}  Rf7 {[%clk 0:01:59]} 21. Ng5 {[%clk 0:02:35]}  Rff8 {[%clk 0:01:58]} 22. Ne6 {[%clk 0:02:36]}  Rf7 {[%clk 0:01:58]} 23. Bc5 {[%clk 0:02:37]}  Qd7 {[%clk 0:01:55]} 24. Ng5 {[%clk 0:02:37]}  Rff8 {[%clk 0:01:53]} 25. Ne6 {[%clk 0:02:36]}  Rf7 {[%clk 0:01:53]} 26. Qb3 {[%clk 0:02:29]}  Bh6 {[%clk 0:01:43]} 27. Qb7 {[%clk 0:02:25]}  Bd2 {[%clk 0:01:27]} 28. Qxa8+ {[%clk 0:02:24]} 1-0